000 00289nam a22001337a 4500
008 181005b xxu||||| |||| 00| 0 eng d
020 _a9780073049878
041 _aeng
080 _a541
100 _a12
101 _aKIM
245 _aOrganic Chemistry
_cGorzynski.J
942 _2udc
_cBK
999 _c48893
_d48893